Land of Stories: The Ultimate Quiz - Statistics

General Stats
  • This quiz has been taken 300 times
  • The average score is 8 of 15
Answer Stats
Questions Answer % Correct
What is the name of the author who wrote "The Land of Stories? Chris Colfer
93%
How many books of the Land of Stories Series are there (thru 2018)? 6
91%
Who does Queen Red marry? Froggy
88%
In book one, how old were the twins? 12
76%
How many Kingdoms, Territories, Empires and Bays are there? 10
68%
What does Trolllbella call Conner? Butterboy
60%
Who was Alex's first kiss and boyfriend? Rook
52%
What is the name of Goldilocks's son? Hero
51%
Who was Alex's second kiss and boyfriend? Arthur
49%
Who is Alex and Conner Baily's grandmother? The Fairy God Mother
46%
What family member died that the twins miss very much? Their Dad
41%
What territory has a brick wall around it? The Red Riding Hood Kingdom
24%
Where does the portal open between worlds in book six? New York City
19%
What are the book titles (in order)? The Wishing Spell, The Enchantress Returns, A Grimm Warning, Beyond The Kingdoms, An Author's Odyssey, Worlds Collide
12%
Did Medusa drink the potions of youth and beauty or return them to their owners (the children)? Returned them to their owners
5%
No matching quizzes found
Score Distribution
Percent of People with Each Score
Percentile by Number Answered
Your Score History
You have not taken this quiz